00553nam a2200169Ia 4500008004100000020001500041041001200056082001600068100002000084245004800104260002500152300000800177650001600185942000700201999001500208952016000223221030s9999 xx 000 0 und d a812030974X aEnglish a105.23bTan aA. S. Tanenbaum 0aModern Operating Systemcby A. S. Tanenbaum bPHIaNew Delhic1996 a715 aBE Computer cBK c7448d7448 pBE 3904g250.00l0o105.23 Tanr2024-06-13 00:00:00w2022-10-30yBK003Print4070aMIETLIBbMIETLIBcBL-First, FL-1, CUP-29, SH-1, R-1d2001-05-2310HBE